Online
Catalog
Normal view MARC view

Entry Nombre de reunión

Number of records used in: 1

001 - NÚMERO DE CONTROL

  • campo de control: 76920

003 - IDENTIFICADOR DEL NÚMERO DE CONTROL

  • campo de control: OSt

005 - FECHA Y HORA DE LA ÚLTIMA TRANSACCIÓN

  • campo de control: 20201015135709.0

008 - DATOS DE LONGITUD FIJA

  • campo de control de longitud fija: 201015|| aca||aabn | a|a d

040 ## - FUENTE DE LA CATALOGACIÓN

  • Centro catalogador/agencia de origen: OSt
  • Centro/agencia transcriptor: OSt

111 ## - ENCABEZAMIENTO--NOMBRE DE CONGRESO/REUNIÓN

  • Nombre de congreso/reunión o jurisdicción como elemento de entrada: Encuentro Internacional de Poesía y Narrativa.
  • Sede del congreso/Lugar de la reunión: Puerto Rico)
  • Número del congreso/reunión o número de parte o sección: ( 7º. d 2015

670 ## - FUENTE DE DATOS ENCONTRADOS

  • Cita de la fuente: Work cat.: (OSt): Encuentro Internacional de Poesía y Narrativa. Puerto Rico) ( 7º. d 2015 . , Abrazo de Sur ., 2015.

Powered by Koha